| 000 | 00437 a2200157 4500 | ||
|---|---|---|---|
| 999 |
_c320515 _d320515 |
||
| 001 | 85442 | ||
| 003 | NUST | ||
| 005 | 20180119193934.0 | ||
| 008 | 180119b xxu||||| |||| 00| 0 eng d | ||
| 082 | _a923.5549 HUS | ||
| 100 |
_aAshfaq Hussain, Col (R) _99149 |
||
| 245 | _aFatih Sabuna ; Major Shabbir Sharif shaheed | ||
| 250 | _a1st | ||
| 260 |
_aLahore _bIdara matboaat-e-sulemani _c2011 |
||
| 300 | _a304 p. | ||
| 500 | _aurdu | ||
| 610 |
_ashabir sharif shaheed (Nishan e haider)- fateh sabona _99150 |
||
| 942 |
_aNUST-CAE _cBK _k923.5549 HUS _2ddc |
||